LEGAL ASPECTS OF BUSINESS MERCANTILE LAW (Record no. 17075)

MARC details
000 -LEADER
fixed length control field 00350nam a2200133Ia 4500
008 - FIXED-LENGTH DATA ELEMENTS--GENERAL INFORMATION
fixed length control field 240624s9999 xx 000 0 und d
041 ## - LANGUAGE CODE
Language code of text/sound track or separate title eng
082 ## - DEWEY DECIMAL CLASSIFICATION NUMBER
Classification number 346.066 PIL
100 ## - MAIN ENTRY--PERSONAL NAME
Personal name PILLAI R S N
245 ## - TITLE STATEMENT
Title LEGAL ASPECTS OF BUSINESS MERCANTILE LAW
260 ## - PUBLICATION, DISTRIBUTION, ETC.
Date of publication, distribution, etc. 2011
Place of publication, distribution, etc. New Delhi
Name of publisher, distributor, etc. S. Chand
300 ## - PHYSICAL DESCRIPTION
Extent xx, : 1057 : p. : cm. ; 24
365 ## - TRADE PRICE
Currency code RS
Price amount 20
Holdings
Withdrawn status Lost status Damaged status Not for loan Home library Current library Shelving location Date acquired Source of acquisition Cost, normal purchase price Full call number Barcode Date last seen Copy number Price effective from Koha item type
        IMTN IMTN Rack 13-B 05/09/2011 SCCL 375.00 346.066 PIL 17075 06/24/2024 1 06/24/2024 Books
Designed & Maintained by: LRC IMT Nagpur Contact: lrc@imtnag.ac.in© 2024. All Rights Reserved.